Countries of the Arab World - Statistics

General Stats
  • This quiz has been taken 467 times
  • The average score is 17 of 22
Answers on the Map
Answers color-coded by a green-red scale on the quiz's map according to % correct below.
 
Answer Stats
Country % Correct
Saudi Arabia
92%
Egypt
90%
Algeria
87%
Iraq
87%
Morocco
86%
Yemen
86%
Oman
85%
Jordan
83%
Qatar
83%
Syria
83%
United Arab Emirates
82%
Lebanon
81%
Libya
80%
Tunisia
80%
Kuwait
77%
Bahrain
76%
Sudan
75%
Somalia
70%
Palestine
66%
Mauritania
63%
Djibouti
54%
Comoros
49%
No matching quizzes found
Score Distribution
Percent of People with Each Score
Percentile by Number Answered
Your Score History
You have not taken this quiz